01790nam a2200313 a 4500001001000000005001700010008004100027041000800068044000800076084002000084100004500104245008500149260004500234300002200279500028500301500019300586500025500779500001001034546002401044650005201068650005601120650003401176650004501210700004901255700004701304700004101351700003401392740005001426BRCA_332820190320204227.0240309s1880----enka---###---#000-0#eng-# aeng aenk a622b.N56c18801 aCervantes Saavedra, Miguel ded1547-161610aThe History of Don Quixote de la ManchacTranslated from the Spanish by Motteux. aLondresbJ. C. Nimmo and Bainc1880-1881 a4 v.bil.c20 cm. aContenido : v.1. Primera parte. Noticia biográfica sobre P. A. Motteux por H. van Laun. Vida de Cervantes por Lockhart. Prólogo del autor. Notas. 1880. -- v.2. Primera parte. Notas. 1881. -- v.3. Segunda parte. Prólogo de Cervantes. Notas. 1881. -- v.4. Segunda parte. notas aEdición : Edited with Notes and Memoir by John G. Lockhart, Preceded by a Short Notice of the Life and Works of Motteux by Henry van Laun. With 16 Originally Etchings by R. de los Ríos aReproducción de la traducción de Motteux ajustada a las editadas por Lockhart. Los editores le han añadido una extensa biografía de Motteux, y va adornada con técnicamente bien logrados aguafuertes de R. de los Ríos. Tela Lúdovik Osterc aQM480 aTexto en : inglés14aNovela españolayÉpoca clásica, 1500-170014aLiteratura españolayÉpoca clásica, 1500-170014aNovela españolaySiglo XVII14aDon Quijote (Personaje ficticio)eNovela1 aMotteux, Peter Anthonyd1663-1718eTraductor1 aLockhart, John Gibsond1794-1854eAnotador1 aLaun, Henry vand1820-1896eAnotador1 aRíos, R. de loseIlustrador0 aEl Ingenioso Hidalgo Don Quijote de la Mancha